000 00894nam a2200301 i 4500
003 EG-GICUC
005 20260124013909.0
008 260124s1954 uk ||||fr ||| 00| 0 eng d
040 _aEG-GICUC
_cEG-GICUC
_dEG-GICUC
_erda
_beng
041 0 _aeng
082 0 4 _221
_a341.69
_bHA . T
092 0 4 _221
099 _aLaw1 11 341.69 HA . T 1954
100 1 _aHaines,C.Grove
_eAuthor.
245 1 2 _aThe Threat Of Soviet Imperialism /
_cC.Grove Haines .
264 0 _aBritain :
_bThe Johns Hopkins Press ,
_c1954 .
300 _a402 Pages;
_c30 cm.
336 _atext
_2rda content
337 _aComputer
_2rda media
338 _aOnline Resource
_2rda carrier
546 _aText in English
650 0 4 _aPublic International Law
650 0 4 _aWar Crimes
651 1 _2qrmak
856 _uhttps://fll.law.cu.edu.eg/fulltext/th/B11-07020.pdf
905 _a59
942 _2ddc
_cBK
_e21
_n0
999 _c58817
_d58817